00818pam a2200253 a 4500001000800000005001700008008004100025010001700066020002300083020003500106040001800141041000800159080001000167082001800177100000700195101000800202240004000210245008600250504004100336906004500377942001200422999001700434952011300451490434420180116040615.0940104s1994 inu b 000 0 eng  a 94000362  a0872202194 (cloth) a0872202186 (pbk. : alk. paper) aDLCcDLCdDLC1 aeng a335.400a335.4 MAR2201 a19 aSHP10aWorks.kSelections.lEnglish.f199410aSelected writings /cKarl Marx ; edited, with introduction, by Lawrence H. Simon. aIncludes bibliographical references. a7bcbccorignewd1eocipf19gy-gencatlg 2ddccBK c40349d40349 00102udc40708PËKGa002b002cPËKGd2018-01-16l0o335.4 MARp002-2995603r2018-01-16w2018-01-16yBK